<?xml version="1.0" encoding="UTF-8"?>
<record
    xmlns:xsi="http://www.w3.org/2001/XMLSchema-instance"
    xsi:schemaLocation="http://www.loc.gov/MARC21/slim http://www.loc.gov/standards/marcxml/schema/MARC21slim.xsd"
    xmlns="http://www.loc.gov/MARC21/slim">

  <leader>00484nam a2200169Ia 4500</leader>
  <controlfield tag="008">230718s9999    xx            000 0 und d</controlfield>
  <datafield tag="041" ind1=" " ind2=" ">
    <subfield code="a">eng</subfield>
  </datafield>
  <datafield tag="082" ind1=" " ind2=" ">
    <subfield code="a">005.2684</subfield>
    <subfield code="b">RIC</subfield>
  </datafield>
  <datafield tag="100" ind1=" " ind2=" ">
    <subfield code="a">Richter J.</subfield>
    <subfield code="9">124071</subfield>
  </datafield>
  <datafield tag="245" ind1=" " ind2=" ">
    <subfield code="a">Programming Applications For Microsoft Windows</subfield>
  </datafield>
  <datafield tag="250" ind1=" " ind2=" ">
    <subfield code="a">4th ed.</subfield>
  </datafield>
  <datafield tag="260" ind1=" " ind2=" ">
    <subfield code="c">2001</subfield>
    <subfield code="b">Microsoft Press/W.P.Publishes</subfield>
  </datafield>
  <datafield tag="300" ind1=" " ind2=" ">
    <subfield code="a">1056</subfield>
    <subfield code="d">Ref 935 C (16167)</subfield>
  </datafield>
  <datafield tag="365" ind1=" " ind2=" ">
    <subfield code="c">Rs.</subfield>
    <subfield code="b">725.00</subfield>
  </datafield>
  <datafield tag="700" ind1=" " ind2=" ">
    <subfield code="a">Richter J.</subfield>
    <subfield code="9">124071</subfield>
  </datafield>
  <datafield tag="906" ind1=" " ind2=" ">
    <subfield code="d">B:97031-Jan-2003</subfield>
    <subfield code="c">COMP</subfield>
    <subfield code="b">181.25</subfield>
  </datafield>
  <datafield tag="999" ind1=" " ind2=" ">
    <subfield code="c">305016</subfield>
    <subfield code="d">305016</subfield>
  </datafield>
  <datafield tag="952" ind1=" " ind2=" ">
    <subfield code="0">1</subfield>
    <subfield code="1">0</subfield>
    <subfield code="4">0</subfield>
    <subfield code="7">0</subfield>
    <subfield code="a">CCEP</subfield>
    <subfield code="b">CCEP</subfield>
    <subfield code="d">2003-02-12</subfield>
    <subfield code="e">Computer Hut</subfield>
    <subfield code="f">COMP</subfield>
    <subfield code="g">543.75</subfield>
    <subfield code="i">970</subfield>
    <subfield code="o">005.2684</subfield>
    <subfield code="p">CCEP-BK-16223</subfield>
    <subfield code="r">2023-07-18 00:00:00</subfield>
    <subfield code="t">181.25</subfield>
    <subfield code="v">725.00</subfield>
    <subfield code="w">2003-01-31</subfield>
    <subfield code="y">BK</subfield>
    <subfield code="z">016223</subfield>
  </datafield>
</record>
